| 000 | 00913nam a2200217Ia 4500 | ||
|---|---|---|---|
| 003 | GCL | ||
| 008 | 140319s9999 xx 000 0 ara d | ||
| 040 |
_aGCL / _cGCL |
||
| 082 | 0 | 4 |
_aط _b823.087 _bد ك |
| 100 | 1 | _aدار الشروق | |
| 245 | 1 | 0 |
_aسلسلة الكتاب الذهبى: ميكلى فى مسابقة احسن جار- ميكى وكيف تكسب ملعبا- ميكى والقطة بسبسة- بطوط والقطة''ذواق البيتزا''-دودو وشجرة العسل- السيف المسحور- الاستغماية / _cدار الشروق |
| 260 |
_aالقاهرة : _bدار الشروق |
||
| 300 |
_aمتعدد ؛ _c23 سم |
||
| 490 |
_aسلسلة الكتاب الذهبى _v0 |
||
| 650 | 0 | 4 | _aالقصص العربية |
| 650 | 0 | 4 | _aقصص البطولات |
| 650 | 0 | 4 | _aالاطفال |
| 650 | 0 | 4 | _aقصص الاطفال |
| 650 | 0 | 4 | _aادب الاطفال |
| 942 |
_2ddc _cBK |
||
| 999 |
_c32885 _d32885 |
||